000 00930nam a2200229Ia 4500
001 21609
005 20260420124712.0
008 260320s9999||||xx |||||||||||||| ||und||
041 _aESP
082 _a658.81
_bC26
100 _aCañamero, Roberto,
_eAUT
245 0 _aBull : ventas :
_bun manual para productividad vendedora
250 _aSegunda edición
260 _aLima :
_bIndustria Gráfica Mundo,
_c1995
300 _a206 páginas :
_c21 cm.
650 _aTCA
653 _aAdministración; Gerencia de ventas
654 _aCAN
856 _uhttps://0u213x74l-y-https-ebooks7--24-com.itmsp.museknowledge.com/visorBook.aspx?i=16516&t=C8B1BC01-8914-4164-A026-EEA1F57E2020
_zVéase además: Procesos de venta, por Ramón Colet Areán. Versión digital
856 _uhttps://itmsp.museknowledge.com/UCSP?groupID=2&action=source&sourceID=eBooks724
_zVéase además: Base de datos Ebook7-24
942 _cLIB
_dJUS
_fTRC
_2ddc
999 _c21609
_d21609